| 000 | 01640cam a2200385 a 4500 | ||
|---|---|---|---|
| 999 |
_c4016 _d4016 |
||
| 001 | 13206014 | ||
| 003 | GZU | ||
| 005 | 20210311102745.0 | ||
| 008 | 030520s2003 njub b 000 0 eng | ||
| 010 | _a 2003011403 | ||
| 020 | _a1592211224 (cloth) | ||
| 020 | _a1592211232 (pbk.) | ||
| 040 |
_aDLC _cDLC _dDLC |
||
| 043 | _afw----- | ||
| 050 | 0 | 0 |
_aPQ3988.5 O'BR 2003 _bO27 2003 |
| 082 | 0 | 0 |
_a840.9/966 _221 |
| 100 | 1 |
_aO'Brien, Sara Talis. _eauthor |
|
| 245 | 1 | 0 |
_aVoices from the continent : _ba curriculum guide to selected West African literature / _cSara Talis O'Brien, Renée Schatteman. |
| 246 | 3 | 0 | _aCurriculum guide to selected West African literature |
| 260 |
_aTrenton, NJ : _bAfrica World Press, _cc2003. |
||
| 300 |
_axi, 185 p. : _bmaps ; _c28 cm. |
||
| 504 | _aIncludes bibliographical references. | ||
| 600 | 1 | 0 |
_aSembène, Ousmane, _d1923-2007. _tBouts de bois de Dieu. |
| 600 | 1 | 0 |
_aAidoo, Ama Ata, _d1942- . _tDilemma of a ghost. |
| 600 | 1 | 0 |
_aAchebe, Chinua. _tThings fall apart. |
| 600 | 1 | 0 |
_aBâ, Mariama. _tSi longue lettre. |
| 600 | 1 | 0 |
_aCamara, Laye. _tEnfant noir. |
| 650 | 0 |
_aWest African fiction (French) _xStudy and teaching. |
|
| 650 | 0 |
_aWest African fiction (English) _xStudy and teaching. |
|
| 700 | 1 | _aSchatteman, Renée. | |
| 856 | 4 | 1 |
_3Table of contents _uhttp://www.loc.gov/catdir/toc/ecip044/2003011403.html |
| 906 |
_a7 _bcbc _corignew _d1 _eecip _f20 _gy-gencatlg |
||
| 942 |
_2lcc _cBK _h3988.5 _iO'BR _kPQ |
||